| 000 | 01935nam a2200433Ii 4500 | ||
|---|---|---|---|
| 001 | DIGNPAT0032 | ||
| 003 | NyNyDIG | ||
| 008 | 160727s2013 cl o 000 0 spa d | ||
| 006 | m o d | ||
| 007 | cr ||||||||||| | ||
| 035 | _a(OCoLC)956263743 | ||
| 040 |
_aDGITA _beng _erda _epn _cDGITA |
||
| 020 |
_a9789562465199 _q(eBook ; _qePub) |
||
| 020 |
_a9562465195 _q(eBook ; _qePub) |
||
| 020 | _z9789562463188 | ||
| 020 | _z9562463184 | ||
| 050 | 1 | 4 | _aBV4506 ebook |
| 082 | 0 | 4 |
_a248.4 _223 |
| 100 | 1 |
_aInfante, María Angélica, _eauthor. |
|
| 245 | 1 | 0 |
_aNuestro estilo de vida / _cHna. María Angélica Infante, P. Rafael Fernández de A. ; edición preparada por Mario V. Tubert. |
| 264 | 1 |
_aProvidencia, Santiago, Chile : _bNueva Patris, _c[2013] |
|
| 300 | _a1 online resource. | ||
| 336 |
_atext _btxt _2rdacontent |
||
| 337 |
_acomputer _bc _2rdamedia |
||
| 338 |
_aonline resource _bcr _2rdacarrier |
||
| 500 | _a"Las partes centrales de este libro corresponden a tres charlas: las dos primeras dadas por el P. Rafael Fernández y la tercera por la Hna. María Angélica Infante. Fueron dictadas en Bella-Vista, durante la Jornada Anual de Dirigentes del Movimiento de Schoenstatt." | ||
| 588 | 0 | _aOnline resource; title from ePub title page (Digitalia, viewed July 29, 2016) | |
| 650 | 0 | _aChristian life. | |
| 650 | 0 |
_aFamilies _xReligious aspects _xChristianity. |
|
| 655 | 0 | _aElectronic books. | |
| 700 | 1 |
_aTubert, Mario V., _eeditor. |
|
| 700 | 1 |
_aFernández de A., Rafael, _d1933- _eauthor. |
|
| 791 | 2 |
_aDigitalia (Firm), _edistributor. |
|
| 793 | 0 |
_gDigitalia eBook Collection: _aNueva Patris. |
|
| 776 | 0 | 8 |
_iPrint version: _aInfante, María Angélica. _tNuestro estilo de vida. _b5a edición. _dProvidencia, Santiago, Chile : Nueva Patris, 2007 _z9789562463188 |
| 856 | 4 | 0 |
_3Digitalia Hispánica _uhttps://www.digitaliapublishing.com/a/28711/ |
| 910 | _aPremium Collection: 2016 | ||
| 942 | _cRAA | ||
| 999 |
_c239305 _d239305 |
||